Komparácia profesijných štandardov Slovenskej republiky, Českej republiky a Ruskej federácie

Podrobná bibliografia
Hlavní autori: Pavlov, Ivan, 1965- (Autor), Valent, Marian, 1976- (Autor)
Médium: Článok
Jazyk:slovenčina
Fyzický popis:Tabuľky
ISSN:1335-0404
Predmet:
On-line prístup:https://archiv.mpc-edu.sk/sk/casopis/pedagogicke-rozhlady/uvod

MARC

LEADER 00000nab a2200000 4500
001 vtls012126143
003 SK-MaSNL
005 20260426073801.0
008 220307|2021 xo |||| ||an ||00 0|slo
015 |a SNBRB2022/02 
040 |a SPKCL  |b slo  |e rda 
041 |a slo  |b slo  |b eng 
043 |a e-xo---  |a e-xr---  |a e-ru--- 
044 |a xo  |c SK 
072 7 |a 37  |x Výchova a vzdelávanie  |2 konspekt 
080 |a 37.011.3-051  |x (437.6)  |x (437.3)  |x (470+571)  |2 2011 
100 1 |a Pavlov, Ivan,  |d 1965-  |4 aut  |9 119157 
245 1 0 |a Komparácia profesijných štandardov Slovenskej republiky, Českej republiky a Ruskej federácie  |c Ivan Pavlov, Marian Valent 
300 |a Tabuľky 
336 |a text  |b txt  |2 rdacontent 
337 |a bez média  |b n  |2 rdamedia 
338 |a zväzok  |b nc  |2 rdacarrier 
504 |a Obsahuje bibliografiu 
546 |a Anglické a slovenské resumé 
650 0 7 |a profesijné štandardy  |2 snkbucl  |9 401304 
650 0 7 |a učitelia  |2 SNKPH  |9 3995 
651 7 |a Slovensko  |2 SNKPHgeo  |9 14231 
651 7 |a Česko  |2 SNKPHgeo  |9 16753 
651 7 |a Rusko  |2 SNKPHgeo  |9 17250 
700 1 |a Valent, Marian,  |d 1976-  |4 aut  |9 440391 
773 0 |t Pedagogické rozhľady  |g Roč. 30, č. 7 (2021), s. 24-30  |x 1335-0404 
787 0 8 |i Rec.: 
856 4 1 |u https://archiv.mpc-edu.sk/sk/casopis/pedagogicke-rozhlady/uvod 
999 |c 2717331  |d 2719261